000 01032nam a22002897a 4500
001 7950
003 FISKH
005 20250814144644.0
008 250814b cb ||||| |||| 00| 0 eng d
020 _a9780778710905
040 _aFISKH
_beng
_cFISKH
_dFISKH
050 _aPZ7.A743355 O
082 _a823.9
100 _aArrigan, Mary
245 _aPa Jinglebob and the Grabble Gang /
_cMary Arrigan ; Korky Paul
250 _aThis edition published in 2006.
260 _aNew York :
_bCrabtree,
_c1988.
300 _a48 unnumbered pages :
_bcolor illustrations ;
_c22 cm
505 _aN
520 _aAlthough what Pa Jinglebob really likes to do is knit, as sheriff of Buckeroo and he must take action when the dastardly Mr. Grabble and his gang try to cheat residents out of their land to build a railroad straight through town.
521 8 _a530
_bLexile
521 8 _aN
_bRaz-Plus
650 _aCowboys
_vJuvenile Fiction
700 _aPaul, Korky
_eAuthor
942 _2ddc
_cBK
_n0
999 _c7950
_d7950